Districts of Bangladesh - Statistics

General Stats
  • This quiz has been taken 149 times
  • The average score is 33 of 64
Answer Stats
Answer % Correct
Dhaka
96%
Chittagong
92%
Sylhet
84%
Khulna
81%
Rajshahi
76%
Mymensingh
73%
Rangpur
73%
Barisal
72%
Comilla
71%
Cox's Bazar
71%
Bogra
64%
Noakhali
64%
Gazipur
62%
Jessore
62%
Rangamati
60%
Bhola
58%
Feni
58%
Narayanganj
58%
Pabna
55%
Satkhira
55%
Dinajpur
54%
Bandarban
53%
Patuakhali
53%
Manikganj
52%
Tangail
52%
Kushtia
51%
Sunamganj
51%
Brahmanbaria
49%
Faridpur
49%
Habiganj
49%
Sirajganj
49%
Barguna
48%
Chandpur
48%
Panchagarh
48%
Bagerhat
47%
Jamalpur
47%
Lalmonirhat
47%
Moulvibazar
47%
Thakurgaon
47%
Narail
46%
Madaripur
45%
Natore
45%
Chuadanga
44%
Munshiganj
44%
Naogaon
44%
Pirojpur
44%
Magura
42%
Nilphamari
42%
Shariatpur
42%
Sherpur
42%
Chapainawabganj
41%
Joypurhat
41%
Meherpur
41%
Rajbari
41%
Gaibandha
40%
Kishoreganj
40%
Jhenaidah
39%
Gopalganj
36%
Netrakona
36%
Narsingdi
35%
Khagrachhari
34%
Lakshmipur
34%
Jhalokati
32%
Kurigram
28%
No matching quizzes found
Score Distribution
Percent of People with Each Score
Percentile by Number Answered
Your Score History
You have not taken this quiz